[Event "Challenge"]
[Site "http://www.queenalice.com/game.php?id=328337"]
[Date "2007.12.30"]
[Round "-"]
[White "diegovalle"]
[Black "Reirobinhu"]
[Result "1-0"]
[WhiteElo "1296"]
[BlackElo "1908"]

1. e4 c5 2. d3 Nc6 3. Nf3 d6 4. Bd2 Nf6 5. Bg5 e6 6. Nc3 Be7 7. Bxf6 Bxf6 8. Qd2
O-O 9. Be2 b6 10. Nb5 a6 11. Nc3 Bb7 12. O-O 1-0

[Event "maximos"]
[Site "http://www.queenalice.com/game.php?id=337048"]
[Date "2008.1.15"]
[Round "3"]
[White "HolyPhoenix"]
[Black "diegovalle"]
[Result "0-1"]
[WhiteElo "1709"]
[BlackElo "1406"]

1. e4 e5 2. Nf3 Nc6 3. Bb5 Qf6 4. d3 Nb8 5. Bg5 Qb6 6. Nc3 f6 7. Be3 Qd6 8. Nd5
c6 9. Bc5 Qxc5 10. Nc7+ Kd8 11. Nxa8 Qxb5 12. c4 Qa6 13. c5 b6 14. cxb6 axb6 15.
Qb3 Qxa8 16. Qf7 Nh6 17. Qb3 Qa5+ 18. Nd2 Bb4 19. Rd1 Qc5 20. O-O Bxd2 21. Rxd2
Ba6 22. Rc2 Qb5 23. Qa3 Qxd3 24. Qxd3 Bxd3 25. Rfc1 Bxc2 26. Rxc2 Na6 27. Rc3
Nc5 28. f3 Na4 29. Rc2 Ke7 30. b3 Nc5 31. a4 Ra8 32. b4 Nxa4 33. Ra2 b5 34. h3
Rb8 35. Ra3 Nb6 36. Ra6 Nc8 37. Kh2 c5 38. bxc5 b4 39. c6 dxc6 40. Rxc6 b3 41.
Rc7+ Kf8 42. Rc1 b2 43. Rb1 Nd6 44. Kg1 Nc4 45. Kf1 Ra8 46. Ke2 Ra1 47. Rxb2
Nxb2 48. Kd2 Rg1 49. Ke2 Rxg2+ 50. Kf1 Rc2 0-1

[Event "São Benedito"]
[Site "http://www.queenalice.com/game.php?id=338378"]
[Date "2008.1.18"]
[Round "3"]
[White "Jean"]
[Black "diegovalle"]
[Result "0-1"]
[WhiteElo "1100"]
[BlackElo "1443"]

1. e4 e5 2. h3 Bc5 3. Qe2 Qf6 4. Nf3 Nc6 5. Nc3 Nb4 6. d3 Ne7 7. a3 Nbc6 8. Nb5
Bb6 9. Be3 Bxe3 10. Nxc7+ Kf8 11. Qxe3 Rb8 12. Be2 Ng6 13. g3 Nd4 14. Nxd4 exd4
15. Qd2 Qb6 16. Nd5 Qxb2 17. O-O Qb5 18. Qg5 Qa5 19. Rfb1 d6 20. Rb5 h6 21. Qxg6
fxg6 22. Rxa5 a6 23. Nc7 Bxh3 24. Rb1 Rc8 25. Rxb7 Kg8 26. Rxa6 Kh7 27. Nd5 h5
28. Nf6+ Kh6 29. Nd5 Ra8 30. Rxd6 Rhe8 0-1

[Event "Challenge"]
[Site "http://www.queenalice.com/game.php?id=349303"]
[Date "2008.2.6"]
[Round "-"]
[White "diegovalle"]
[Black "QuantumUA"]
[Result "0-1"]
[WhiteElo "1323"]
[BlackElo "1504"]

1. e4 e5 2. Bc4 Qf6 3. Qe2 Nc6 4. Nf3 Nb4 5. Na3 Bc5 6. c3 Nc6 7. Nb5 Bb6 8. Bd5
Nce7 9. Bc4 a6 10. Na3 Nh6 11. d3 Ng4 12. Bg5 Bxf2+ 13. Kf1 Qd6 14. h3 b5 15.
hxg4 Bc5 16. Bd5 Nxd5 17. exd5 Qxd5 18. Nxe5 O-O 19. Re1 f6 20. c4 fxe5+ 21. Qf3
Rxf3+ 22. gxf3 Qxf3# 0-1

[Event "Challenge"]
[Site "http://www.queenalice.com/game.php?id=349307"]
[Date "2008.2.6"]
[Round "-"]
[White "diegovalle"]
[Black "Typhoon"]
[Result "1-0"]
[WhiteElo "1333"]
[BlackElo "1437"]

1. e4 e5 2. d3 Nc6 3. Nf3 d6 4. Bg5 Be7 5. Bxe7 Qxe7 6. Nc3 Bg4 7. Nd5 Qd7 8.
Be2 O-O-O 9. Ng5 Bxe2 10. Qxe2 f6 11. Nf3 Nge7 12. Nxe7+ Nxe7 13. O-O d5 14. Qe3
Kb8 15. Rad1 d4 16. Qd2 Nc6 17. Nh4 g6 18. Qh6 Nb4 19. Qd2 g5 20. Qxb4 gxh4 21.
Rc1 Rdg8 22. f3 Rg5 23. Kf2 Rhg8 24. g3 hxg3+ 25. hxg3 Rxg3 26. Ke1 Qh3 27. Qd2
Rg1 28. Qf2 R8g2 29. Rxg1 Rxf2 30. Rg8+ Qc8 31. Rxc8+ Kxc8 32. Kxf2 Kd7 33. Rh1
b6 34. Rxh7+ Kc6 35. Rf7 Kd6 36. Rxf6+ Ke7 37. Rh6 Kd7 38. Rh5 Kd6 39. Kg3 Ke6
40. Kg4 Kf6 41. Rf5+ Ke6 42. Kg5 a5 43. Rf6+ 1-0

[Event "Challenge"]
[Site "http://www.queenalice.com/game.php?id=349315"]
[Date "2008.2.6"]
[Round "-"]
[White "diegovalle"]
[Black "RocketJoe"]
[Result "1-0"]
[WhiteElo "1312"]
[BlackElo "1401"]

1. e4 Nf6 2. d3 e6 3. Nc3 Bd6 4. Bg5 O-O 5. Qe2 c6 6. e5 h6 7. Bxf6 gxf6 8. exd6
Qb6 9. Na4 Qb4+ 10. Qd2 Qxa4 11. Qxh6 Qxc2 12. d4 Qxb2 13. Rd1 f5 14. Qg5+ Kh7
15. Nh3 Qc3+ 16. Rd2 Qc1+ 17. Ke2 b6 18. Qh5+ Kg7 19. Ng5 Ba6+ 20. Kf3 Qxd2 21.
Qh7+ Kf6 22. Qh6# 1-0

[Event "Challenge"]
[Site "http://www.queenalice.com/game.php?id=362283"]
[Date "2008.2.28"]
[Round "-"]
[White "O_aprendiz"]
[Black "diegovalle"]
[Result "0-1"]
[WhiteElo "1565"]
[BlackElo "1379"]

1. e4 e5 2. Nf3 d6 3. h3 Nf6 4. Nc3 Nc6 5. Bb5 Bd7 6. a4 Nd4 7. Nxd4 exd4 8. Nd5
Nxd5 9. exd5 Qe7+ 10. Qe2 Qxe2+ 11. Bxe2 Bf5 12. d3 Be7 13. O-O O-O 14. Re1 a5
15. c3 dxc3 16. bxc3 Bf6 17. Bb2 Rae8 18. Rab1 Re7 19. Bg4 Bxg4 20. hxg4 Rfe8
21. Kf1 Rxe1+ 22. Rxe1 Rxe1+ 23. Kxe1 h6 24. f4 Bh4+ 25. Ke2 Bf6 26. Ke3 Kh7 27.
Ke4 Kg6 28. f5+ Kg5 29. d4 Kxg4 30. c4 Kg3 31. Bc3 h5 32. Bxa5 b6 33. Bxb6 h4
34. a5 Kxg2 0-1

[Event "Challenge"]
[Site "http://www.queenalice.com/game.php?id=366970"]
[Date "2008.3.7"]
[Round "-"]
[White "RocketJoe"]
[Black "diegovalle"]
[Result "0-1"]
[WhiteElo "1369"]
[BlackElo "1434"]

1. e4 e5 2. Nf3 Nc6 3. Bd3 Bc5 4. O-O Qf6 5. Nc3 Nh6 6. Nd5 Qd6 7. c4 O-O 8. Rb1
Nb4 9. Qe2 Nxd5 10. exd5 Bd4 11. Re1 Ng4 12. Nxd4 h5 13. Qe4 g6 14. Nf3 f5 15.
Qxe5 Nxe5 16. Nxe5 Re8 17. Nf3 Rxe1+ 18. Nxe1 Qe7 19. Nf3 d6 20. b3 Bd7 21. Bb2
Re8 22. Bd4 g5 23. Kf1 g4 24. Re1 Qf7 25. Nh4 Rxe1+ 26. Kxe1 Qe7+ 27. Be2 Qxh4
0-1

[Event "Challenge"]
[Site "http://www.queenalice.com/game.php?id=377188"]
[Date "2008.3.26"]
[Round "-"]
[White "diegovalle"]
[Black "mvson33"]
[Result "0-1"]
[WhiteElo "1447"]
[BlackElo "1739"]

1. e4 d5 2. d3 dxe4 3. dxe4 Qxd1+ 4. Kxd1 Bd7 5. Bd2 Nc6 6. Nc3 O-O-O 7. Kc1 e5
8. Bc4 f6 9. Bxg8 Rxg8 10. Nf3 Bc5 11. Rf1 Nd4 12. Nxd4 Bxd4 13. Nd5 Rge8 14.
Bb4 Bb5 15. Rd1 Bxf2 16. Ne7+ Rxe7 17. Rxd8+ Kxd8 18. Bxe7+ Kxe7 19. a4 Bf1 20.
g3 Bg2 21. Ra3 Bxe4 22. Rc3 Kd7 23. Rc4 Bg6 24. b4 e4 25. Kd2 Bg1 26. Ke2 Kd6
27. h4 e3 28. c3 Ke5 29. g4 c6 30. h5 Bf7 31. Rd4 b5 32. Rd7 Bc4+ 33. Ke1 Kf4
34. Rxg7 Kf3 35. axb5 Bf2+ 0-1

[Event "Challenge"]
[Site "http://www.queenalice.com/game.php?id=377189"]
[Date "2008.3.26"]
[Round "-"]
[White "diegovalle"]
[Black "jordanou"]
[Result "0-1"]
[WhiteElo "1417"]
[BlackElo "1554"]

1. e4 e5 2. d3 Nc6 3. Nf3 Bc5 4. Qe2 h6 5. Be3 Bxe3 6. Qxe3 Nf6 7. d4 exd4 8.
Nxd4 Nxd4 9. Qxd4 O-O 10. e5 Re8 11. Bd3 d6 12. O-O Rxe5 13. Nc3 a6 14. Rae1 c5
15. Qh4 Rxe1 16. Rxe1 d5 17. Na4 c4 18. Bf1 Be6 19. Nc5 Qe7 20. Nxe6 fxe6 21.
Qd4 Re8 22. Qe5 Qf7 23. Qd6 Ne4 24. Qe5 Qxf2+ 25. Kh1 Qxe1 0-1

[Event "Revanche"]
[Site "http://www.queenalice.com/game.php?id=384473"]
[Date "2008.4.9"]
[Round "-"]
[White "diegovalle"]
[Black "HolyPhoenix"]
[Result "1-0"]
[WhiteElo "1445"]
[BlackElo "1620"]

1. e4 e5 2. d3 Bb4+ 3. Bd2 Be7 4. Nf3 d6 5. Be2 Nf6 6. Nc3 O-O 7. O-O Nc6 8. Be3
Be6 9. Nb5 d5 10. exd5 Nxd5 11. Bc1 a6 12. Nc3 Ne3 13. fxe3 1-0

[Event "Challenge"]
[Site "http://www.queenalice.com/game.php?id=416328"]
[Date "2008.6.12"]
[Round "-"]
[White "diegovalle"]
[Black "isaacfieri"]
[Result "0-1"]
[WhiteElo "1468"]
[BlackElo "2123"]

1. e4 c6 2. d4 d5 3. e5 Bf5 4. Bd3 Bxd3 5. Qxd3 e6 6. Nf3 Qa5+ 7. Bd2 Qa6 8.
Qxa6 Nxa6 9. O-O c5 10. dxc5 Bxc5 11. Nc3 Ne7 12. Nb5 Nc6 13. Ne1 O-O 14. Nd3
Be7 15. Rae1 Nab4 16. Bxb4 Nxb4 17. Nxb4 Bxb4 18. c3 Be7 19. Re3 Rfc8 20. Nd4
Rc4 21. Nc2 Rac8 22. Rf3 b5 23. b3 Rxc3 24. Rxc3 Rxc3 25. Nd4 a6 26. Ne2 Rc2 27.
a3 Rxe2 28. Rc1 g5 29. Rc8+ Kg7 30. g4 Bxa3 31. Rc3 Rxe5 32. Rc7 Re4 33. f3 Re3
34. Ra7 Rxf3 35. Rxa6 Rxb3 0-1

[Event "Challenge"]
[Site "http://www.queenalice.com/game.php?id=434304"]
[Date "2008.7.16"]
[Round "-"]
[White "diegovalle"]
[Black "TomBishop"]
[Result "0-1"]
[WhiteElo "1468"]
[BlackElo "1499"]

1. d3 e5 2. e4 Nf6 3. Bg5 Be7 4. Be2 O-O 5. Nf3 d6 6. O-O h6 7. Bxf6 Bxf6 8. Nc3
Nc6 9. Nd5 Nd4 10. Nxd4 exd4 11. Nxf6+ Qxf6 12. Bg4 Bxg4 13. f3 Bd7 14. Qd2 Rae8
15. f4 Re7 16. Qa5 c6 17. Qxa7 b5 18. Rae1 Bg4 19. Qa3 Ree8 20. b3 Ra8 21. Qb2
Rfe8 22. e5 dxe5 23. fxe5 Qg5 24. Qxd4 Rxa2 25. h3 Bxh3 26. Qf2 Bxg2 27. Qxg2
Qxg2+ 28. Kxg2 Rxc2+ 29. Rf2 Rc3 30. Ref1 Rxe5 31. Rf5 Rxf5 32. Rxf5 Rxd3 33.
Rf2 Rxb3 34. Rd2 c5 35. Rd8+ Kh7 36. Rb8 c4 37. Rc8 c3 0-1

[Event "Ronin"]
[Site "http://www.queenalice.com/game.php?id=439225"]
[Date "2008.7.26"]
[Round "2"]
[White "silverado"]
[Black "diegovalle"]
[Result "1-0"]
[WhiteElo "1905"]
[BlackElo "1466"]

1. e4 e5 2. a3 d6 3. Nc3 Nf6 4. Bc4 Qe7 5. h3 Nc6 6. b4 Nd4 7. d3 Bd7 8. Bg5
O-O-O 9. Nd5 Qe8 10. Nxf6 Be7 11. Nxe8 Rhxe8 12. Bxe7 Rxe7 13. c3 Ne6 14. Nf3
Nf4 15. O-O b5 16. Bb3 Bc6 17. Kh2 h6 18. g3 Nh5 19. a4 1-0

[Event "Challenge"]
[Site "http://www.queenalice.com/game.php?id=1064154"]
[Date "2012.5.26"]
[Round "-"]
[White "diegovalle"]
[Black "vangogh"]
[Result "1-0"]
[WhiteElo "1453"]
[BlackElo "1383"]

1. e4 e5 2. d3 Qf6 3. Nf3 g5 4. Bxg5 Qb6 5. b3 h6 6. Be3 Qb4+ 7. Bd2 Qd6 8. Nc3
b6 9. Nh4 Qc6 10. Nd5 Ba6 11. c4 d6 12. Qg4 h5 13. Qf5 Nd7 14. Nb4 Qb7 15. Be2
c5 16. Nd5 Ndf6 17. Nxf6+ Nxf6 18. Qxf6 Rg8 19. g3 b5 20. Nf5 bxc4 21. Nxd6+
Bxd6 22. Qxd6 cxb3 23. Qxe5+ Kf8 24. Bh6+ Rg7 25. Bxg7+ Kg8 26. Qg5 b2 27. Bh6+
Kh7 28. Qg7# 1-0